000
003160000a22001570004500
001
000121
003
MACL
040
_a
MACL
090
_c
121
_d
121
100
_a
Ghose, Subodh
245
_a
Bharat Premkatha
_c
Subodh Ghose
260
_a
Rupa &Co,
_c
1998
350
_a
195
650
_a
History
942
_k
953
_c
Book
999
_c
49428
_d
49428